Teorías de la literatura del siglo XX: estructuralismo, marxismo, estética de la recepción, semiótica

Uloženo v:
Podrobná bibliografie
Hlavní autoři: Fokkema, D. W (Autor), Ibsch, Elrud (Autor)
Médium: Kniha
Jazyk:španělština
Vydáno: Madrid Cátedra 1984
Vydání:2a. ed
Edice:Crítica y estudios literarios
Témata:
Tagy: Přidat tag
Žádné tagy, Buďte první, kdo vytvoří štítek k tomuto záznamu!

MARC

LEADER 00000nam a2200000 a 4500
001 UCQ9899
003 CL-VaPUC
008 990127e19840000SP |||||||||||||||||spa|d
082 0 4 |a 801.95  |b FOK  |2 21 
100 0 |a Fokkema, D. W  |e author  |9 424596 
700 0 |a Ibsch, Elrud  |e author  |9 424597 
245 1 0 |a Teorías de la literatura del siglo XX: estructuralismo, marxismo, estética de la recepción, semiótica 
250 |a 2a. ed 
300 |a 240 p 
942 |c BK 
945 |d 19990127 00:00:00  |a cmena 
260 |a Madrid  |b Cátedra  |c 1984 
650 7 |a ESTRUCTURALISMO ANALISIS LITERARIO  |2 CL-VaPUC  |9 266031 
650 0 |a Semiótica  |9 265317 
650 0 |a Estética literaria  |9 314715 
583 |a last modification  |c 19990127 00:00:00  |k Rodrigo Vera 
490 0 |a Crítica y estudios literarios 
999 |c 278799  |d 278797 
952 |0 0  |1 0  |4 0  |6 801_950000000000000_FOK_1984  |7 0  |8 A  |9 317569  |a FDOPOS  |b FDOPOS  |d 2019-11-20  |i 1321145  |o 801.95 FOK 1984  |p 1321145  |r 2025-01-22  |w 2019-11-20  |y BK  |k MLH